00413nam a2200145 450000500170000000800410001702000220005804100120008008200250009210000160011724500580013326000420019130000130023336500210024620260109154721.0260109b |||||||| |||| 00| 0 eng d a978-0-7535-5391-6 aEnglish aX 153.42 GRAbB12158 aGrant, Adam aThink Again: The Power of Knowing What you Don't Know aNew DelhibPenguin Random Housec2023 a308pbpb aRupayeb484cINR